01017nam a2200217Ia 450000100060000000300070000600800410001302000270005404000110008110000170009224500690010925000120017826000200019026000240021026000090023430000190024365300690026265303050033165301180063665300450075418606GE_BSU181216s||||||||xx |||||||||||||| ||und|| aISBN 978-0-393-33032-8 cGE_BSU aToll, Ian W. aSix frigates : the epic history of the founding of the U.S. Navy a1st ed. aNew York London bW.W Norton &Company c2006 a560p;ill,23cm. aSix frigates : the epic history of the founding of the U.S. Navy aUnited States. Navy--History--18th century. United States. Navy--History--19th century. Frigates--United States--History--18th century. Frigates--United States--History--19th century. United States--History--Tripolitan War, 1801-1805--Naval operations. United States--History--War of 1812--Naval oper aსაზღვავო ისტორია,საზღვავო ოპერაციები, ომი aსამხედრო საქმე